AH International Schools' Libraries

The gruffalo / (Record no. 49253)

MARC details
000 -LEADER
fixed length control field 00300nam a2200109 4500
020 ## - INTERNATIONAL STANDARD BOOK NUMBER
International Standard Book Number 9780333710937
100 ## - MAIN ENTRY--PERSONAL NAME
Personal name Donaldson, Julia
9 (RLIN) 45441
245 ## - TITLE STATEMENT
Title The gruffalo /
Statement of responsibility, etc Julia Donaldson
260 ## - PUBLICATION, DISTRIBUTION, ETC. (IMPRINT)
Place of publication, distribution, etc London
Name of publisher, distributor, etc MacMillan Children's Books
Date of publication, distribution, etc 2001
300 ## - PHYSICAL DESCRIPTION
Extent unpaged.
Other physical details col. ill.
Dimensions 27 cm.
942 ## - ADDED ENTRY ELEMENTS (KOHA)
Source of classification or shelving scheme
Koha item type Book
Holdings
Withdrawn status Lost status Source of classification or shelving scheme Damaged status Not for loan Collection code Home library Current library Shelving location Date acquired Total Checkouts Full call number Barcode Date last seen Price effective from Koha item type
          TEACHERS' RESOURCES Asian Hope Early Years Library Asian Hope Early Years Library Easy Reading 08/13/2025   E DON 209239 08/13/2025 08/13/2025 Book
          TEACHERS' RESOURCES Asian Hope Early Years Library Asian Hope Early Years Library Easy Reading 02/09/2026   E DON 211085 02/09/2026 02/09/2026 Book

For any Logos Library related questions please contact Miss Art at swongnarasuk@asianhope.org.

For any Asian Hope Library related questions please contact Miss Raza at graza@asianhope.org.

Click here to explore our ebooks!

Powered by Koha